El derecho en la iglesia católica: introducción al derecho canónico
Uloženo v:
| Hlavní autor: | |
|---|---|
| Médium: | Kniha |
| Jazyk: | španělština |
| Vydáno: |
Burgos
Ediciones Mensajero
1996
|
| Edice: | <La >Barca de Pedro, 5
|
| Témata: | |
| Tagy: |
Přidat tag
Žádné tagy, Buďte první, kdo vytvoří štítek k tomuto záznamu!
|
MARC
| LEADER | 00000nam a2200000 a 4500 | ||
|---|---|---|---|
| 001 | UCR7158 | ||
| 003 | CL-VaPUC | ||
| 008 | 980514e19960000SP |||||||||||||||||spa|d | ||
| 082 | 0 | 4 | |a 262.9 |b VER |2 21 |
| 100 | 0 | |a Vernay, Jacques |e author |9 408480 | |
| 245 | 1 | 3 | |a El derecho en la iglesia católica: introducción al derecho canónico |
| 300 | |a 238 p | ||
| 942 | |c BK | ||
| 945 | |d 19980514 00:00:00 |a rbrito | ||
| 260 | |a Burgos |b Ediciones Mensajero |c 1996 | ||
| 650 | 7 | |a DERECHO CANONICO |2 CL-VaPUC |9 408481 | |
| 650 | 0 | |a Derecho eclesiástico |9 255055 | |
| 650 | 0 | |a Jurisprudencia |9 255952 | |
| 650 | 7 | |a PAPA |2 CL-VaPUC |9 257114 | |
| 650 | 0 | |a Parroquias |9 258927 | |
| 650 | 0 | |a Sacramentos |9 257270 | |
| 650 | 7 | |a INSTITUCIONES RELIGIOSAS |2 CL-VaPUC |9 337514 | |
| 583 | |a last modification |c 19980514 00:00:00 |k Rodrigo Vera | ||
| 490 | 0 | |a <La >Barca de Pedro, 5 | |
| 999 | |c 268971 |d 268969 | ||
| 952 | |0 0 |1 0 |4 0 |6 262_900000000000000_VER_1996 |7 0 |8 A |9 302530 |a BIBDER |b BIBDER |d 2019-11-20 |i 3424553 |o 262.9 VER 1996 |p 3424553 |r 2023-01-25 |w 2019-11-20 |y BK |k DER | ||